00277nam a2200121Ia 4500008004100000082001500041100001700056245002100073250000800094260002900102300000800131650001600139191201s2004 xx 000 0 und d a005.8bFAN aFADIA, Ankit 0aNetwork Security a1th aN.DelhibMacmillanc2004 a342 aB.Tech(CSE)